Graph theory

Gorde:
Xehetasun bibliografikoak
Egile nagusia: W. T. Tutte
Formatua: Liburua
Hizkuntza:Undetermined
Argitaratua: Cambridge, UK. Cambridge Univ. Press 2001
Gaiak:
Etiketak: Etiketa erantsi
Etiketarik gabe, Izan zaitez lehena erregistro honi etiketa jartzen!
Thư viện lưu trữ: Trung tâm Học liệu Trường Đại học Cần Thơ
LEADER 00454nam a2200181Ia 4500
001 CTU_54881
008 210402s9999 xx 000 0 und d
020 |b 425000 
082 |a 511.5 
082 |b T967 
100 |a W. T. Tutte 
245 0 |a Graph theory 
245 0 |c W. T. Tutte 
260 |a Cambridge, UK. 
260 |b Cambridge Univ. Press 
260 |c 2001 
650 |a graph theory 
980 |a Trung tâm Học liệu Trường Đại học Cần Thơ